00484nam a22001577a 4500003001100000005001700011008004100028040003900069041000800108082001600116245005800132260006100190300001800251650002300269700003400292LK-CoMWRAF20240701120341.0240626b1985 |||||||| |||| 00| 0 eng d aLK-CoMWRAFdLK-CoMWRAFeLK-CoMWRAF aeng a305.42bCOM aCompendium of scholars:bethnicity and women's issues aColombo:bInternational Centre for Ethnic Studies,c1985 a viii, 149 p. aFEMINISM-Ethnicity aSamarasinghe, S. W. R. de A.